KAPLAN & SADOCK'S SYNOPSIS OF PSYCHIATRY (Record no. 8393)

MARC details
000 -LEADER
fixed length control field 00366nam a22001577a 4500
003 - CONTROL NUMBER IDENTIFIER
control field SGT
020 ## - INTERNATIONAL STANDARD BOOK NUMBER
International Standard Book Number 978-93-5129-273-9
082 ## - DEWEY DECIMAL CLASSIFICATION NUMBER
Classification number 616.8, K15S
100 ## - MAIN ENTRY--PERSONAL NAME
Personal name SADOCK, BENJAMIN J.
245 ## - TITLE STATEMENT
Title KAPLAN & SADOCK'S SYNOPSIS OF PSYCHIATRY
250 ## - EDITION STATEMENT
Edition statement 11TH
260 ## - PUBLICATION, DISTRIBUTION, ETC. (IMPRINT)
Place of publication, distribution, etc INDIA
Name of publisher, distributor, etc WOLTES KLUWER
Year of Publication 2015
300 ## - PAGE DESCRIPTION
No. of Pages 1472
650 ## - SUBJECT ADDED ENTRY--TOPICAL TERM
Topical term or geographic name as entry element PSYCHIATRY
942 ## - ADDED ENTRY ELEMENTS (KOHA)
Source of classification or shelving scheme Dewey Decimal Classification
Koha item type Books
942 ## - ADDED ENTRY ELEMENTS (KOHA)
-- 3
Holdings
Withdrawn status Lost status Source of classification or shelving scheme Damaged status Not for loan Collection code Home library Current library Shelving location Date acquired Vendor Name Cost, normal purchase price SGTU Bill Number Total Checkouts Full call number Accession No. (Barcode) Date last seen Date last borrowed Bill Date Koha item type
    Dewey Decimal Classification     MEDICAL SGT Medical Library SGT Medical Library Reference Book 14/03/2016 AHUJA BOOK COMPANY 2695.00 SGTU 5978 10 616.8, K15S FM7401 16/03/2021 02/03/2021 14/08/2015 Books
    Dewey Decimal Classification     MEDICAL SGT Medical Library SGT Medical Library Reference Book 14/03/2016 AHUJA BOOK COMPANY 2695.00 SGTU 5978 5 616.8, K15S FM7402 24/07/2023 27/06/2023 14/08/2015 Books
    Dewey Decimal Classification     MEDICAL SGT Medical Library SGT Medical Library Reference Book 14/03/2016 AHUJA BOOK COMPANY 2695.00 SGTU 5978 13 616.8, K15S FM7403 28/10/2020 21/09/2020 14/08/2015 Books
    Dewey Decimal Classification     MEDICAL SGT Medical Library SGT Medical Library Reference Book 14/03/2016 AHUJA BOOK COMPANY 2695.00 SGTU 5978 5 616.8, K15S FM7404 28/10/2020 28/08/2020 14/08/2015 Books
    Dewey Decimal Classification     MEDICAL SGT Medical Library SGT Medical Library Reference Book 14/03/2016 AHUJA BOOK COMPANY 2695.00 SGTU 5978 7 616.8, K15S FM7405 27/05/2022 14/05/2022 14/08/2015 Books